[Event "Schleswig-Holstein-ch HT"]
[Site "Bad Segeberg"]
[Date "2018.03.28"]
[Round "5"]
[White "Frankenstein, Peter"]
[Black "Albers, Friedemann"]
[Result "0-1"]
[WhiteElo "1616"]
[BlackElo "1825"]
[PlyCount "106"]
[EventDate "2018.03.24"]
[EventType "swiss"]
[EventRounds "9"]
[EventCountry "GER"]
[SourceTitle "EXT 2023"]
[Source "ChessBase"]
[SourceDate "2022.10.05"]
[SourceVersion "1"]
[SourceVersionDate "2022.10.05"]
[SourceQuality "1"]

1. d4 Nf6 2. Nf3 e6 3. Bf4 d5 4. e3 c6 5. Nbd2 Nbd7 6. Bd3 Be7 7. c3 Nh5 8. Be5 Nxe5 9. Nxe5 Nf6 10. Qf3 0-0 11. h4 Qc7 12. Ng4 Nd7 13. Qe2 f5 14. Ne5 Nxe5 15. dxe5 Qxe5 16. f4 Qf6 17. Nf3 Bd6 18. h5 e5 19. fxe5 Bxe5 20. Nxe5 Qxe5 21. 0-0-0 f4 22. e4 dxe4 23. Bxe4 Kh8 24. Rd4 Bf5 25. Rhd1 Rae8 26. Qd2 c5 27. Bxf5 cxd4 28. Bd7 dxc3 29. bxc3 Re7 30. Ba4 b5 31. Bb3 Rc8 32. Kb1 Qxh5 33. Qxf4 Rce8 34. Kb2 Re2+ 35. Ka3 Qc5+ 36. Qb4 Qxb4+ 37. cxb4 h6 38. Rd7 R2e7 39. Rd5 Re5 40. Rd7 R8e7 41. Rd6 Rg5 42. Bd5 g6 43. Bf3 Kg7 44. Kb3 Rge5 45. Kc3 h5 46. Kd4 Kh6 47. Rd5 Rxd5+ 48. Kxd5 Re3 49. Kc5 Rxf3 50. gxf3 h4 51. Kxb5 h3 52. Ka6 h2 53. Kxa7 h1Q 0-1

[Event "Schleswig-Holstein-ch Basis"]
[Site "Buesum"]
[Date "2010.03.31"]
[Round "6"]
[White "Frankenstein, Peter"]
[Black "Pommerenke, Uwe"]
[Result "0-1"]
[WhiteElo "1043"]
[BlackElo "1187"]
[PlyCount "87"]
[EventDate "2010.03.27"]
[EventType "swiss"]
[EventRounds "9"]
[EventCountry "GER"]
[SourceTitle "EXT 2023"]
[Source "ChessBase"]
[SourceDate "2022.10.05"]
[SourceVersion "1"]
[SourceVersionDate "2022.10.05"]
[SourceQuality "1"]

1. e4 e5 2. Nf3 Nc6 3. Bc4 Bc5 4. b4 Bxb4 5. c3 Be7 6. d4 d6 7. Qb3 Be6 8. Bxe6 fxe6 9. Qxe6 h6 10. Nh4 Qd7 11. Qxd7+ Kxd7 12. Ng6 Rh7 13. d5 Na5 14. Nd2 Bf6 15. 0-0 Ne7 16. Nxe7 Kxe7 17. f4 exf4 18. Bb2 g5 19. Rab1 Be5 20. c4 Bxb2 21. Rxb2 b6 22. Rc2 Nb7 23. Nb3 Kf6 24. g3 Ke5 25. Rd2 Rf7 26. g4 Nc5 27. Nd4 Nxe4 28. Re1 Re8 29. Nc6+ Kf6 30. Rde2 h5 31. Rxe4 Rxe4 32. Rxe4 hxg4 33. Re6+ Kg7 34. Nxa7 f3 35. Kf2 Rf4 36. Nc6 Rxc4 37. Kf1 Rc2 38. Nb4 Rxh2 39. Nd3 g3 40. Ke1 Rxa2 41. Nf2 gxf2+ 42. Kf1 Re2 43. Rxe2 fxe2+ 44. Kxe2 0-1